000 00284nam a22001217a 4500
008 170713b xxu||||| |||| 00| 0 eng d
041 _aeng
080 _a1(091)
100 _a24
101 _aFIL
245 _aINTRODUCTION TO THE HISTORY OF PHILOSOPHY
_cBURGESS, J
942 _2udc
_cBK
999 _c20591
_d20591